[Event "Nettetal op"]
[Site "Nettetal"]
[Date "2010.07.05"]
[Round "3"]
[White "Montforts, Ton"]
[Black "Wassermann, Christian"]
[Result "1-0"]
[WhiteElo "1614"]
[BlackElo "1377"]
[PlyCount "101"]
[EventDate "2010.07.03"]
[EventType "swiss"]
[EventRounds "9"]
[EventCountry "GER"]
[SourceTitle "CBM 137 Extra"]
[Source "ChessBase"]
[SourceDate "2010.09.01"]
[SourceVersion "1"]
[SourceVersionDate "2010.09.01"]
[SourceQuality "1"]

1. d4 Nf6 2. Nf3 g6 3. e3 Bg7 4. c4 d6 5. Nc3 0-0 6. Be2 c5 7. 0-0 e6 8. b3 Nc6 9. Bb2 b6 10. Rc1 Qc7 11. a3 Rd8 12. Qc2 Bb7 13. Rfd1 Ne7 14. Ne1 d5 15. dxc5 Qxc5 16. Nd3 Qc8 17. cxd5 Nexd5 18. Nxd5 Bxd5 19. Qb1 Qb7 20. Bf1 Bxb3 21. Bxf6 Bxf6 22. Qxb3 h5 23. Be2 h4 24. Bf3 Qb8 25. Bxa8 Qxa8 26. h3 g5 27. Ne1 Kh8 28. Rxd8+ Qxd8 29. Qc2 Kg7 30. Nf3 Qd5 31. Rd1 Qa5 32. a4 Qb4 33. Nd4 e5 34. Nf5+ Kg8 35. Rd7 Kh7 36. Rxf7+ Kg6 37. Nd6+ e4 38. Rxf6+ Kxf6 39. Nxe4+ Kf5 40. Nc3+ Ke5 41. Qd3 Qa5 42. Qd4+ Ke6 43. e4 Ke7 44. Nd5+ Kd7 45. Nxb6+ Kc6 46. Nd5 Kd6 47. Ne3+ Ke7 48. e5 Ke8 49. Nf5 Kf7 50. Qd7+ Kg6 51. Qe6+ 1-0